Mont Blanc, conquête du toit de l'Europe (notice n° 1552938)
[ vue normale ]
| 000 -LEADER | |
|---|---|
| fixed length control field | 01448cam a2200289zu 4500 |
| 003 - CONTROL NUMBER IDENTIFIER | |
| control field | FRCYB45003232 |
| 005 - DATE AND TIME OF LATEST TRANSACTION | |
| control field | 20251020123054.0 |
| 008 - FIXED-LENGTH DATA ELEMENTS--GENERAL INFORMATION | |
| fixed length control field | 251020s2005 fr | o|||||0|0|||fre d |
| 020 ## - INTERNATIONAL STANDARD BOOK NUMBER | |
| International Standard Book Number | 9782916147055 |
| 035 ## - SYSTEM CONTROL NUMBER | |
| System control number | FRCYB45003232 |
| 040 ## - CATALOGING SOURCE | |
| Original cataloging agency | FR-PaCSA |
| Language of cataloging | fr |
| Transcribing agency | |
| Description conventions | rda |
| 100 1# - MAIN ENTRY--PERSONAL NAME | |
| Personal name | Roman, Pascal |
| 245 01 - TITLE STATEMENT | |
| Title | Mont Blanc, conquête du toit de l'Europe |
| Statement of responsibility, etc. | ['Roman, Pascal', 'Phalippou, Jérôme'] |
| 264 #1 - PRODUCTION, PUBLICATION, DISTRIBUTION, MANUFACTURE, AND COPYRIGHT NOTICE | |
| Name of producer, publisher, distributor, manufacturer | Editions de l'Astronome |
| Date of production, publication, distribution, manufacture, or copyright notice | 2005 |
| 300 ## - PHYSICAL DESCRIPTION | |
| Extent | p. |
| 336 ## - CONTENT TYPE | |
| Content type code | txt |
| Source | rdacontent |
| 337 ## - MEDIA TYPE | |
| Media type code | c |
| Source | rdamdedia |
| 338 ## - CARRIER TYPE | |
| Carrier type code | c |
| Source | rdacarrier |
| 520 ## - SUMMARY, ETC. | |
| Summary, etc. | Toit de l'Europe, Taupinière Blanche, Sommité, Géant des Alpes, le mont Blanc possède de nombreux surnoms, preuve de sa notoriété. Berceau de l'alpinisme, il est le théâtre de nombreux exploits, mais également de drames et de désillusions.Cet ouvrage raconte la conquête, en 1786, de la plus haute montagne d’Europe. Mais aussi l’histoire des premières femmes et des premiers scientifiques qui ont gravi le mont Blanc. Sans oublier les « conquêtes » touristiques à travers les constructions du train du Montenvert, du téléphérique de l’aiguille du Midi et du tunnel du Mont-Blanc. |
| 650 #0 - SUBJECT ADDED ENTRY--TOPICAL TERM | |
| Topical term or geographic name entry element | |
| 700 0# - ADDED ENTRY--PERSONAL NAME | |
| Personal name | Roman, Pascal |
| 700 0# - ADDED ENTRY--PERSONAL NAME | |
| Personal name | Phalippou, Jérôme |
| 856 40 - ELECTRONIC LOCATION AND ACCESS | |
| Access method | Cyberlibris |
| Uniform Resource Identifier | <a href="https://international.scholarvox.com/netsen/book/45003232">https://international.scholarvox.com/netsen/book/45003232</a> |
| Electronic format type | text/html |
| Host name | |
Pas d'exemplaire disponible.




Réseaux sociaux